| 000 | 00933pam a2200301 a 4500 | ||
|---|---|---|---|
| 001 | 4346024 | ||
| 003 | NUST | ||
| 005 | 20220117152118.0 | ||
| 008 | 890713s1990 nyua b 001 0 eng | ||
| 010 | _a 89037273 | ||
| 020 | _a0070228558 | ||
| 038 | _awaseem | ||
| 040 |
_aDLC _cDLC _dDLC |
||
| 050 | 0 | 0 |
_aQA274 _b.G375 1990 |
| 082 | 0 | 0 |
_a519.2 _bGAR |
| 100 | 1 |
_aGardner, William A. _988443 |
|
| 245 | 1 | 0 |
_aIntroduction to random processes : _bwith applications to signals and systems / _cWilliam A. Gardner. |
| 250 | _a2nd ed. | ||
| 260 |
_aNew York : _bMcGraw-Hill, _cc1990. |
||
| 300 |
_axv, 546 p. : _bill. ; _c24 cm. |
||
| 504 | _aIncludes bibliographical references (p. 523-531) and indexes. | ||
| 563 | _aPBK. | ||
| 650 | 0 |
_aStochastic processes. _988444 |
|
| 650 | 0 |
_aStochastic systems. _988445 |
|
| 650 | 0 |
_aSignal processing. _988446 |
|
| 906 |
_a7 _bcbc _corignew _d1 _eocip _f19 _gy-gencatlg |
||
| 942 |
_2ddc _cBK |
||
| 999 |
_c587622 _d587622 |
||